Les villes dans les titres de chansons - Statistiques

Statistiques générales
  • Ce quiz a été pris 369 fois
  • Le résultat moyen est 10 sur 20
Statistiques - réponses
Année Interprète Réponse % Correct
1977 Claude François {Alexandrie} Alexandra
99%
2021 Angèle {Bruxelles} je t'aime
86%
1968 Thomas Dutronc Il est cinq heures, {Paris} s'éveille
86%
1987 Sting Englishman in {New York}
77%
2002 Renaud - Axelle Red ...-{Kaboul}
72%
2002 Renaud - Axelle Red {Manhattan}-...
69%
1976 Eddy Mitchell Sur la route de {Memphis}
66%
1965 Hervé Vilard {Capri} c'est fini
57%
1964 Jacques Brel {Amsterdam}
53%
1984 La Compagnie Créole Bons baisers de {Fort-de-France}
47%
2006 Kamini {Marly-Gomont}
47%
1979 The Clash {London} Calling
46%
1964 Dario Moreno Si tu vas à {Rio}
46%
1972 Maxime Le Forestier {San Francisco}
45%
1974 ABBA {Waterloo}
41%
2017 Camila Cabello {Havana}
38%
1964 Elvis Presley Viva {Las Vegas}
28%
1980 Blues Brothers Sweet home {Chicago}
16%
2018 Kikesa {Nancy}
11%
1971 Charles Trenet À la gare de {Perpignan}
9%
Aucun quiz correspondant
Distribution des résultats
% des personnes avec chaque résultat
Percentile par nombre de réponses
Votre historique - résultats
Vous n’avez pas pris ce quiz